Di truyền học; T1

Uloženo v:
Podrobná bibliografie
Hlavní autor: Nguyễn Lộc
Médium: Kniha
Jazyk:Undetermined
Vydáno: Hà Nội ĐH và THCN 1977
Témata:
Tagy: Přidat tag
Žádné tagy, Buďte první, kdo otaguje tento záznam!
Thư viện lưu trữ: Trung tâm Học liệu Trường Đại học Cần Thơ
LEADER 00565nam a2200181Ia 4500
001 CTU_8168
008 210402s9999 xx 000 0 und d
082 |a 576.5 
082 |b L451/T1 
100 |a Nguyễn Lộc 
245 0 |a Di truyền học; T1 
245 0 |c Nguyễn Lộc, Trịnh Bá Hữu 
260 |a Hà Nội 
260 |b ĐH và THCN 
260 |c 1977 
650 |a genetics 
904 |i Minh, 960910, Mai chuyển số PL từ 575.1 thành 576.5 chưa in nhãn 
980 |a Trung tâm Học liệu Trường Đại học Cần Thơ